书目信息 |
| 题名: |
Applied partial differential equation with fourier series and boundary value problems
|
|
| 作者: | 哈伯曼 著 | |
| 分册: | ||
| 出版信息: | 北京 机械工业出版社 2020.03 |
|
| 页数: | xix, 735页 | |
| 开本: | 24cm | |
| 丛书名: | 华章数学原版精品系列 | |
| 单 册: | ||
| 中图分类: | O175.2 | |
| 科图分类: | ||
| 主题词: | 偏微分方程--pian wei fen fang cheng--英文 | |
| 电子资源: | ||
| ISBN: | 978-7-111-64861-1 | |
| 000 | 01168nam 2200301 450 | |
| 001 | 2062513913 | |
| 005 | 20201105172201.04 | |
| 010 | @a978-7-111-64861-1@dCNY139.00 | |
| 100 | @a20200521e2020 em y0chiy50 ba | |
| 101 | 0 | @aeng |
| 102 | @aCN@b110000 | |
| 105 | @ay a 000yy | |
| 200 | 1 | @aApplied partial differential equation with fourier series and boundary value problems@fRichard Haberman@d= 实用偏微分方程@f(美) 理查德·哈伯曼著@zchi |
| 205 | @a影印版 | |
| 210 | @a北京@c机械工业出版社@d2020.03 | |
| 215 | @axix, 735页@d24cm | |
| 225 | 2 | @a华章数学原版精品系列@Ahua zhang shu xue yuan ban jing pin xi lie |
| 306 | @a由Peason Education Asia Ltd.授权出版 | |
| 320 | @a有书目 (第712-715页) | |
| 324 | @a据原书第5版影印 | |
| 330 | @a本书讨论偏微分方程在工程技术科学与自然科学中的应用, 主要内容包括: 热传导方程、分离变量法、傅里叶级数、施图姆-刘维尔特征值问题等。 | |
| 410 | 0 | @12001 @a华章数学原版精品系列 |
| 510 | 1 | @a实用偏微分方程@zchi |
| 606 | 0 | @a偏微分方程@Apian wei fen fang cheng@x英文 |
| 690 | @aO175.2@v5 | |
| 701 | 1 | @a哈伯曼@Aha bo man@g(Haberman, Richard)@4著 |
| 801 | 0 | @aCN@b人天书店@c20201004 |
| 905 | @aZUCC@dO175.2@eH002 | |
| Applied partial differential equation with fourier series and boundary value problems/Richard Haberman= 实用偏微分方程/(美) 理查德·哈伯曼著.-影印版.-北京:机械工业出版社,2020.03 |
| xix, 735页;24cm.-(华章数学原版精品系列) |
| ISBN 978-7-111-64861-1:CNY139.00 |
| 本书讨论偏微分方程在工程技术科学与自然科学中的应用, 主要内容包括: 热传导方程、分离变量法、傅里叶级数、施图姆-刘维尔特征值问题等。 |
| ● |
| 相关链接 |
|
|
|
正题名:Applied partial differential equation wi
索取号:O175.2/H002
 
预约/预借
| 序号 | 登录号 | 条形码 | 馆藏地/架位号 | 状态 | 备注 |
| 1 | 1479764 | 214797647 | 自科库401/401自科库 45排3列3层/ [索取号:O175.2/H002] | 在馆 |